000 00430 a2200133 4500
082 _a625.85 ASP
082 0 4 _a625.85
_bASP
245 _aThe Asphalt Handbook: MS-4 /
250 _a1989 ed.
260 _aCollege Park, Md., USA :
_bAsphalt Institute,
_cc1988.
300 _axxxi, 608 p. :
_bill. ;
_c23 cm.
650 _aAsphalt
_xHandbooks, manuals, etc.
650 _aPavements, Asphalt
_xHandbooks, manuals, etc.
830 0 _aManual series (Asphalt Institute) ;
999 _c1503
_d1503